[Event "Hurtigskak-DM under 1900 2016"]
[Site "Fredericia"]
[Date "2016.09.25"]
[Round "1"]
[White "Velarde, Andrew"]
[Black "Poulsen, Peter Risgaard"]
[Result "0-1"]
[WhiteElo "1628"]
[BlackElo "1886"]
[PlyCount "42"]
[EventDate "2016.??.??"]

1. e4 d5 2. exd5 Nf6 3. c4 c6 4. dxc6 Nxc6 5. Nf3 Bg4 6. Be2 e5 7. d3 Bb4+ 8.
Bd2 O-O 9. O-O Qc7 10. a3 Bxd2 11. Nbxd2 Rad8 12. Qc2 Nd4 13. Nxd4 Rxd4 14. Nb3
Rd7 15. Qd1 Bf5 16. g4 Bxd3 17. Bxd3 e4 18. g5 Rxd3 19. Qc2 Ng4 20. f4 exf3 21.
Rae1 Rxb3 0-1

[Event "Hurtigskak-DM under 1900 2016"]
[Site "Fredericia"]
[Date "2016.09.25"]
[Round "1"]
[White "Paulsen, Hans Norgaard"]
[Black "Nielsen, Thomas"]
[Result "1-0"]
[WhiteElo "1869"]
[BlackElo "1588"]
[PlyCount "97"]
[EventDate "2016.??.??"]

1. e4 d5 2. exd5 Nf6 3. Nf3 Bf5 4. Bb5+ c6 5. dxc6 bxc6 6. Bc4 e6 7. O-O Bd6 8.
d3 O-O 9. h3 Nbd7 10. Nc3 Ne5 11. Bb3 Nxf3+ 12. Qxf3 Nd5 13. Ne4 Be5 14. Re1
Qc7 15. c3 Bxe4 16. Rxe4 Nf6 17. Rc4 Nd5 18. Bc2 Rab8 19. Rh4 Bf6 20. Rg4 Qe7
21. d4 g6 22. a3 c5 23. dxc5 Bg7 24. Rc4 Rfc8 25. c6 Rb6 26. Be4 Rbxc6 27. Rxc6
Rxc6 28. Bxd5 exd5 29. Be3 Rd6 30. Bc5 Qd7 31. Bxd6 Qxd6 32. Rd1 Qb6 33. Rxd5
Qxb2 34. Rd8+ Bf8 35. c4 Qc1+ 36. Kh2 Qxc4 37. g3 Qc5 38. Kg2 Kg7 39. Rd7 Be7
40. a4 a5 41. Qb7 Kf6 42. Qb2+ Ke6 43. Rd3 Qc6+ 44. Kh2 Bd6 45. Qb3+ Ke7 46.
Rf3 f5 47. Re3+ Kd7 48. Qf7+ Kc8 49. Re8+ 1-0

[Event "Hurtigskak-DM under 1900 2016"]
[Site "Fredericia"]
[Date "2016.09.25"]
[Round "1"]
[White "Gohns, Joakim"]
[Black "Riis, Peter"]
[Result "0-1"]
[WhiteElo "1581"]
[BlackElo "1867"]
[PlyCount "80"]
[EventDate "2016.??.??"]

1. b4 Nf6 2. Bb2 e6 3. a3 Be7 4. g3 O-O 5. Bg2 d5 6. e3 a5 7. b5 c5 8. Ne2 Nbd7
9. d3 Qc7 10. c4 Rd8 11. O-O b6 12. Qc2 Bb7 13. Nd2 Ra7 14. Rac1 Ne5 15. Nf3
Nxf3+ 16. Bxf3 dxc4 17. Bxb7 cxd3 18. Qd2 dxe2 19. Qxe2 Qxb7 20. h4 Qa8 21. h5
Rad7 22. Bc3 Ne4 23. Qg4 Nxc3 24. Rxc3 Bf6 25. Rcc1 Rd2 26. h6 g6 27. Rcd1 Rxd1
28. Rxd1 Rxd1+ 29. Qxd1 Qd5 30. Qe2 Bg5 31. Qg4 Bxh6 32. e4 Qd4 33. Qh4 Bg7 34.
Qe7 Bf6 35. Qe8+ Kg7 36. Qc6 Qd8 37. Kg2 Bd4 38. f4 Bb2 39. a4 Bd4 40. e5 Qd5+
0-1

[Event "Hurtigskak-DM under 1900 2016"]
[Site "Fredericia"]
[Date "2016.09.25"]
[Round "1"]
[White "Marthedal, Anton Mehmet Yildiz"]
[Black "Bjerre, Tim"]
[Result "1/2-1/2"]
[WhiteElo "1853"]
[BlackElo "1573"]
[PlyCount "78"]
[EventDate "2016.??.??"]

1. d4 g6 2. Nf3 Bg7 3. Bg5 Nf6 4. e3 d6 5. Bc4 O-O 6. O-O Bd7 7. c3 b5 8. Bb3
a5 9. Nbd2 a4 10. Bc2 Na6 11. Re1 c5 12. e4 h6 13. Bh4 g5 14. Bg3 cxd4 15. Nxd4
Bg4 16. N2f3 Qb6 17. Qd3 e5 18. Qxb5 Rab8 19. Qxb6 Rxb6 20. Nf5 Rxb2 21. Bxa4
Nc5 22. Bc6 Bxf5 23. exf5 Rc8 24. Bxe5 Rxc6 25. Bd4 Rb8 26. Re2 Nfd7 27. Re7
Bf6 28. Bxf6 Nxf6 29. Nd4 Rcb6 30. g3 R6b7 31. Ree1 Nd3 32. Red1 Ne5 33. f4 Nc4
34. fxg5 hxg5 35. a4 Ra7 36. Nc6 Rba8 37. Nxa7 Rxa7 38. Rd4 d5 39. Kg2 Kf8
1/2-1/2

[Event "Hurtigskak-DM under 1900 2016"]
[Site "Fredericia"]
[Date "2016.09.25"]
[Round "2"]
[White "Poulsen, Peter Risgaard"]
[Black "Hamborg, Leif"]
[Result "1-0"]
[WhiteElo "1886"]
[BlackElo "1729"]
[PlyCount "77"]
[EventDate "2016.??.??"]

1. d4 g6 2. Bf4 Bg7 3. h4 c5 4. c3 cxd4 5. cxd4 Nc6 6. e3 Nf6 7. Nc3 O-O 8. Nf3
d6 9. d5 Nxd5 10. Qxd5 Nb4 11. Qd2 Bf5 12. Rc1 Qa5 13. a3 Nc6 14. Nd4 Nxd4 15.
exd4 Rfe8 16. b4 Qxa3 17. Nb5 Qa4 18. Be2 e5 19. Bg3 exd4 20. O-O Rxe2 21. Qxe2
d3 22. Qe7 Qxb5 23. Rc7 Be6 24. Qxd6 Bf8 25. Qd4 Qxb4 26. Qxd3 Rc8 27. Rxc8
Bxc8 28. Qd8 Be6 29. Be5 Qe7 30. Qd4 b6 31. Rc1 h5 32. Rc7 Qa3 33. Qd8 Qa5 34.
Qf6 Qe1+ 35. Kh2 Qxe5+ 36. Qxe5 Bg7 37. Qe4 Bf5 38. Qe8+ Kh7 39. Qxf7 1-0

[Event "Hurtigskak-DM under 1900 2016"]
[Site "Fredericia"]
[Date "2016.09.25"]
[Round "2"]
[White "Petersen, Jakob"]
[Black "Paulsen, Hans Norgaard"]
[Result "1-0"]
[WhiteElo "1722"]
[BlackElo "1869"]
[PlyCount "127"]
[EventDate "2016.??.??"]

1. b4 d5 2. Bb2 e6 3. e3 Nf6 4. a3 Be7 5. c4 c6 6. Qc2 O-O 7. Nf3 Nbd7 8. Nc3
dxc4 9. Bxc4 Nb6 10. Ba2 Nbd5 11. Ng5 g6 12. h4 Nh5 13. g4 Ng7 14. O-O-O Bxg5
15. hxg5 Qxg5 16. Rdg1 Nf6 17. f4 Qxg4 18. Rxg4 Nxg4 19. Ne4 Nf5 20. Qc3 f6 21.
Ng5 h6 22. Nxe6 Bxe6 23. Bxe6+ Kg7 24. Bxf5 gxf5 25. Qc5 Kg6 26. Bc3 Rfe8 27.
Kb2 a6 28. Rg1 Rad8 29. a4 Rd5 30. Qc4 Kf7 31. Rxg4 Re4 32. Qxd5+ cxd5 33. Rg3
Re8 34. Kc2 Rh8 35. Kd3 h5 36. Rh3 Ke6 37. Kd4 b6 38. b5 a5 39. d3 h4 40. Be1
Rc8 41. Rxh4 Rc2 42. Rh8 Ra2 43. Rb8 Rxa4+ 44. Kc3 Ra3+ 45. Kc2 Ra2+ 46. Kd1 a4
47. Rxb6+ Ke7 48. Ra6 a3 49. Bb4+ Kf7 50. Rxa3 Rb2 51. Ra4 Rh2 52. b6 Rh8 53.
Ra7+ Ke6 54. Kc2 Rb8 55. Bc5 d4 56. Bxd4 Rc8+ 57. Rc7 Rb8 58. Rc6+ Ke7 59. Rxf6
Kd7 60. Be5 Rc8+ 61. Kb3 Rc6 62. Rxc6 Kxc6 63. e4 fxe4 64. dxe4 1-0

[Event "Hurtigskak-DM under 1900 2016"]
[Site "Fredericia"]
[Date "2016.09.25"]
[Round "2"]
[White "Riis, Peter"]
[Black "Qvisttorff, Steven"]
[Result "1-0"]
[WhiteElo "1867"]
[BlackElo "1720"]
[PlyCount "93"]
[EventDate "2016.??.??"]

1. e4 g6 2. d4 Bg7 3. c4 c5 4. d5 d6 5. Nc3 f5 6. Bd3 Nf6 7. Qc2 fxe4 8. Nxe4
Nbd7 9. Nf3 Nxe4 10. Bxe4 Nf6 11. Bd3 O-O 12. O-O Bd7 13. Ng5 Qe8 14. Re1 Ba4
15. Qe2 Qd7 16. Ne6 Rf7 17. Nxg7 Kxg7 18. b3 Ng4 19. f3 Nf6 20. Bb2 Raf8 21.
Qc2 Bc6 22. Be4 Bxd5 23. cxd5 Qb5 24. Bd3 Qb6 25. Kh1 Kg8 26. Bxf6 exf6 27. Re6
Qc7 28. Rae1 Kg7 29. Qe2 a6 30. Re7 Qb6 31. Rxf7+ Rxf7 32. Qd2 Qc7 33. Re6 b5
34. Qe2 Qb7 35. Rxd6 c4 36. bxc4 bxc4 37. Bxc4 Qb1+ 38. Qf1 Qb4 39. Rxa6 Qd2
40. h3 Rc7 41. Re6 Qf4 42. Bb3 Rc1 43. Re1 Rc3 44. Qe2 Rc1 45. Rxc1 Qxc1+ 46.
Qd1 Qf4 47. d6 1-0

[Event "Hurtigskak-DM under 1900 2016"]
[Site "Fredericia"]
[Date "2016.09.25"]
[Round "2"]
[White "Ladefoged, Simon Degnbol"]
[Black "Christiansen, Lars"]
[Result "1-0"]
[WhiteElo "1790"]
[BlackElo "1700"]
[PlyCount "57"]
[EventDate "2016.??.??"]

1. e4 Nc6 2. Nf3 f5 3. exf5 d5 4. d4 Bxf5 5. Bd3 Bg4 6. c3 e6 7. Bf4 Bd6 8. Bg3
Nf6 9. Nbd2 O-O 10. Qc2 Ne7 11. O-O-O Rc8 12. Rde1 c5 13. dxc5 Rxc5 14. Nb3 Rc8
15. Ng5 h6 16. Nxe6 Bxe6 17. Rxe6 Bxg3 18. hxg3 Nc6 19. Kb1 d4 20. Bc4 Kh8 21.
Rd1 Ng4 22. Re2 Nge5 23. Nxd4 Nxd4 24. Rxd4 Qa5 25. Bb3 Nc6 26. Rd7 Nb4 27. Qg6
Qf5+ 28. Qxf5 Rxf5 29. cxb4 1-0

[Event "Hurtigskak-DM under 1900 2016"]
[Site "Fredericia"]
[Date "2016.09.25"]
[Round "3"]
[White "Easan, Adesh"]
[Black "Poulsen, Peter Risgaard"]
[Result "0-1"]
[WhiteElo "1779"]
[BlackElo "1886"]
[PlyCount "62"]
[EventDate "2016.??.??"]

1. e4 d5 2. exd5 Nf6 3. Nf3 Nxd5 4. d4 g6 5. Be2 Bg7 6. O-O O-O 7. Be3 c5 8. c3
Nc6 9. h3 cxd4 10. Bxd4 Nxd4 11. Nxd4 Nf4 12. Bf3 e5 13. Ne2 Qg5 14. Ng3 f5 15.
Nd2 e4 16. Be2 Be6 17. Bc4 Bxc4 18. Nxc4 Nxh3+ 19. gxh3 f4 20. Qd2 Rad8 21. Qc1
e3 22. Nxe3 fxg3 23. Ng2 gxf2+ 24. Rxf2 Qxc1+ 25. Rxc1 Rxf2 26. Kxf2 Rd2+ 27.
Kf3 Rxb2 28. Ne3 Rxa2 29. Nd5 Ra3 30. Kg4 h5+ 31. Kf4 Bh6+ 0-1

[Event "Hurtigskak-DM under 1900 2016"]
[Site "Fredericia"]
[Date "2016.09.25"]
[Round "3"]
[White "Wang, Peter"]
[Black "Riis, Peter"]
[Result "0-1"]
[WhiteElo "1756"]
[BlackElo "1867"]
[PlyCount "198"]
[EventDate "2016.??.??"]

1. d4 Nf6 2. Nf3 g6 3. c4 Bg7 4. Nc3 O-O 5. e4 d6 6. Be2 e5 7. Be3 Nc6 8. h3
exd4 9. Nxd4 Nxd4 10. Bxd4 Qe7 11. f3 Nh5 12. O-O Bxd4+ 13. Qxd4 Nf4 14. Qf2
Bxh3 15. Nd5 Nxd5 16. cxd5 Bd7 17. Rac1 c5 18. dxc6 bxc6 19. Ba6 c5 20. Rfd1
Rfd8 21. Bb7 Rab8 22. Bd5 Rb6 23. b3 Rdb8 24. Qd2 Be6 25. Rc3 Bxd5 26. Qxd5 Ra6
27. a4 Rab6 28. Rcd3 Qb7 29. Qg5 Qc7 30. Qd5 a5 31. f4 Qb7 32. Qxb7 R8xb7 33.
Rxd6 Rxd6 34. Rxd6 Rxb3 35. Ra6 Rb4 36. Rxa5 Rxe4 37. g3 Kg7 38. Kf2 h5 39. Kf3
Rc4 40. Kg2 Kh6 41. Kf3 f5 42. Rb5 Rxa4 43. Rxc5 Ra3+ 44. Kg2 h4 45. gxh4 Kh5
46. Rc6 Ra4 47. Kf3 Ra1 48. Kf2 Rh1 49. Kg3 Rxh4 50. Rc8 Rg4+ 51. Kf3 Kh6 52.
Rh8+ Kg7 53. Ra8 Rh4 54. Ra6 Rh3+ 55. Kf2 Rb3 56. Rc6 Kh6 57. Rc8 Kh5 58. Rc4
Kg4 59. Kg2 Rb2+ 60. Kf1 Kf3 61. Ke1 Ke3 62. Kf1 Rf2+ 63. Kg1 Rxf4 64. Rc6 g5
65. Re6+ Kf3 66. Ra6 Kg3 67. Rg6 g4 68. Ra6 Rf3 69. Ra2 f4 70. Rg2+ Kh4 71.
Rh2+ Kg5 72. Ra2 g3 73. Ra8 Rb3 74. Rg8+ Kf5 75. Kg2 Rb2+ 76. Kg1 Ke4 77. Ra8
f3 78. Re8+ Kd3 79. Rd8+ Kc3 80. Rc8+ Kb3 81. Rb8+ Ka2 82. Ra8+ Kb1 83. Rf8 Rb3
84. Rg8 g2 85. Kf2 Kc2 86. Rc8+ Rc3 87. Rg8 Kd2 88. Rd8+ Rd3 89. Rf8 Kd1 90.
Rf7 Rd2+ 91. Kg1 Ke2 92. Re7+ Kd3 93. Rf7 Ke3 94. Re7+ Kf4 95. Rf7+ Kg4 96.
Rg7+ Kh5 97. Rh7+ Kg6 98. Rh3 Rd1+ 99. Kf2 g1=Q+ 0-1

[Event "Hurtigskak-DM under 1900 2016"]
[Site "Fredericia"]
[Date "2016.09.25"]
[Round "3"]
[White "Westenborg, Allan"]
[Black "Ladefoged, Simon Degnbol"]
[Result "1-0"]
[WhiteElo "1738"]
[BlackElo "1790"]
[PlyCount "81"]
[EventDate "2016.??.??"]

1. d4 e6 2. Nf3 d5 3. Bf4 c5 4. c3 Nc6 5. e3 Bd6 6. Bg3 Nge7 7. Nbd2 b6 8. Bd3
Bb7 9. O-O Bxg3 10. hxg3 Ng6 11. Bb5 O-O 12. Bxc6 Bxc6 13. Ne5 Nxe5 14. dxe5 f6
15. Nf3 Qc7 16. exf6 Rxf6 17. Qc2 Rh6 18. Nd2 Qe5 19. Rae1 Qh5 20. f4 Qh2+ 21.
Kf2 Rg6 22. Qxg6 hxg6 23. Rh1 Qxh1 24. Rxh1 Kf7 25. Nf3 Be8 26. Rh8 Rc8 27.
Ne5+ Kf6 28. Rf8+ Ke7 29. Nxg6+ Kd6 30. Ne5 Ke7 31. Rg8 Kf6 32. g4 g5 33. Rxg5
Bf7 34. Nxf7 Kxf7 35. Re5 Rh8 36. Rh5 Ra8 37. Rh7+ Kf6 38. Kf3 a5 39. g5+ Kf5
40. Rf7+ Kg6 41. Rf6+ 1-0

[Event "Hurtigskak-DM under 1900 2016"]
[Site "Fredericia"]
[Date "2016.09.25"]
[Round "3"]
[White "Hansen, Simon L"]
[Black "Dreiberg, Kaspar Jon"]
[Result "0-1"]
[WhiteElo "1479"]
[BlackElo "1788"]
[PlyCount "56"]
[EventDate "2016.??.??"]

1. Nf3 Nf6 2. g3 g6 3. Bg2 Bg7 4. d4 d5 5. O-O O-O 6. c4 c6 7. e3 dxc4 8. Ne5
Be6 9. Qc2 Nbd7 10. Nxc4 Rc8 11. b4 Nb6 12. Na5 Qd7 13. Na3 Bh3 14. Bd2 Bxg2
15. Kxg2 Rfd8 16. N3c4 Nxc4 17. Qxc4 b6 18. Nb3 Qd5+ 19. Qxd5 cxd5 20. Rac1 Ne4
21. f3 Nd6 22. Rxc8 Rxc8 23. Rc1 Rc4 24. a4 e5 25. Rxc4 dxc4 26. dxe5 cxb3 27.
exd6 b2 28. d7 Bf6 0-1

[Event "Hurtigskak-DM under 1900 2016"]
[Site "Fredericia"]
[Date "2016.09.25"]
[Round "4"]
[White "Poulsen, Peter Risgaard"]
[Black "Dreiberg, Kaspar Jon"]
[Result "1-0"]
[WhiteElo "1886"]
[BlackElo "1788"]
[PlyCount "95"]
[EventDate "2016.??.??"]

1. d4 Nf6 2. Bf4 g6 3. Nc3 Bg7 4. Qd2 h6 5. e4 d6 6. f3 c6 7. Bd3 Qa5 8. Nge2
e5 9. dxe5 dxe5 10. b4 Qc7 11. Be3 Be6 12. a4 Nbd7 13. O-O g5 14. b5 c5 15. Ng3
c4 16. Be2 Bf8 17. b6 axb6 18. Nb5 Qc6 19. Rfd1 Bc5 20. Kh1 Bxe3 21. Qxe3 Ke7
22. Rd6 Qc5 23. Qd2 Rac8 24. Rd1 c3 25. Qe1 Ne8 26. R6d3 Bc4 27. Rxc3 Qb4 28.
Nf5+ Kf8 29. Rxc4 Rxc4 30. Bxc4 Qxc4 31. Rxd7 Qxc2 32. h3 h5 33. Qb4+ Kg8 34.
Qe7 Qc1+ 35. Kh2 Qf4+ 36. Ng3 Rh7 37. Qxe8+ Kg7 38. Rxf7+ Qxf7 39. Qxe5+ Qf6
40. Nf5+ Kg6 41. Qb8 Rd7 42. Qg8+ Rg7 43. Nxg7 Qe5+ 44. Kg1 Qa1+ 45. Kf2 Qb2+
46. Ke3 Qc1+ 47. Kd4 Qc5+ 48. Kd3 1-0

[Event "Hurtigskak-DM under 1900 2016"]
[Site "Fredericia"]
[Date "2016.09.25"]
[Round "4"]
[White "Riis, Peter"]
[Black "Westenborg, Allan"]
[Result "1-0"]
[WhiteElo "1867"]
[BlackElo "1738"]
[PlyCount "99"]
[EventDate "2016.??.??"]

1. e4 c5 2. Nf3 d6 3. d4 cxd4 4. Nxd4 Nf6 5. Nc3 g6 6. f3 a6 7. Be3 Bg7 8. Qd2
Nbd7 9. O-O-O b5 10. g4 Bb7 11. h4 Rc8 12. h5 b4 13. Nd5 Bxd5 14. exd5 Nxd5 15.
hxg6 Nxe3 16. gxf7+ Kxf7 17. Qxe3 Nc5 18. Kb1 e6 19. Bd3 Qf6 20. Rhe1 Bh6 21.
Qf2 Nxd3 22. Rxd3 e5 23. Nf5 Rhd8 24. Qa7+ Kf8 25. Qxa6 Bf4 26. Rxd6 Rxd6 27.
Qxd6+ Qxd6 28. Nxd6 Rd8 29. Ne4 Kg7 30. b3 h6 31. Kb2 Rd4 32. a4 Kg6 33. a5 Rd7
34. Nc5 Ra7 35. a6 Bd2 36. Re4 Bc3+ 37. Kc1 Bd4 38. Nd3 Kf6 39. Nxb4 Ke6 40. f4
Kd6 41. fxe5+ Bxe5 42. Nd3 Bc3 43. Ra4 Bg7 44. b4 Kc6 45. c4 Bd4 46. b5+ Kb6
47. Kc2 Re7 48. c5+ Bxc5 49. Nxc5 Kxc5 50. a7 1-0

[Event "Hurtigskak-DM under 1900 2016"]
[Site "Fredericia"]
[Date "2016.09.25"]
[Round "4"]
[White "Petersen, Jakob"]
[Black "Petersen, Jan Han"]
[Result "1-0"]
[WhiteElo "1722"]
[BlackElo "1750"]
[PlyCount "37"]
[EventDate "2016.??.??"]

1. b4 e6 2. Bb2 Nf6 3. a3 d5 4. e3 Bd6 5. c4 c6 6. Qc2 Nbd7 7. Nf3 O-O 8. Nc3
e5 9. h4 e4 10. Ng5 Ne5 11. cxd5 cxd5 12. Nxd5 Nxd5 13. Qxe4 Nf6 14. Qb1 h6 15.
f4 Neg4 16. Be2 Qe7 17. Bxg4 Bxg4 18. Bxf6 hxg5 19. hxg5 1-0

[Event "Hurtigskak-DM under 1900 2016"]
[Site "Fredericia"]
[Date "2016.09.25"]
[Round "4"]
[White "Ladefoged, Simon Degnbol"]
[Black "Marthedal, Anton Mehmet Yildiz"]
[Result "0-1"]
[WhiteElo "1790"]
[BlackElo "1853"]
[PlyCount "90"]
[EventDate "2016.??.??"]

1. e4 c6 2. Nf3 d5 3. Nc3 Bg4 4. Be2 e6 5. d4 c5 6. exd5 exd5 7. dxc5 Nc6 8.
Qxd5 Qxd5 9. Nxd5 O-O-O 10. c4 Bxc5 11. O-O Nge7 12. h3 Be6 13. Nf4 Bf5 14. a3
Nd4 15. Bd1 a5 16. Ne5 Rhf8 17. Be3 f6 18. Ned3 Ba7 19. g4 Be4 20. Ne1 Nec6 21.
Ba4 Rd6 22. Bxc6 Rxc6 23. Rd1 Rd8 24. Bxd4 Bxd4 25. b3 Bxf2+ 26. Kxf2 Rxd1 27.
Neg2 Rxf1+ 28. Kxf1 Bc2 29. Nd5 Bxb3 30. Ne7+ Kd7 31. Nxc6 Kxc6 32. Ke2 Kc5 33.
Nf4 Bxc4+ 34. Ke3 g5 35. Nh5 Bf1 36. Nxf6 Bxh3 37. Kd3 h6 38. Kc3 b5 39. Ng8
b4+ 40. axb4+ axb4+ 41. Kb2 Bxg4 42. Nxh6 Be6 43. Kc2 Kd4 44. Kd2 b3 45. Kc1
Ke5 0-1

[Event "Hurtigskak-DM under 1900 2016"]
[Site "Fredericia"]
[Date "2016.09.25"]
[Round "5"]
[White "Petersen, Jakob"]
[Black "Poulsen, Peter Risgaard"]
[Result "0-1"]
[WhiteElo "1722"]
[BlackElo "1886"]
[PlyCount "102"]
[EventDate "2016.??.??"]

1. b4 a5 2. b5 c6 3. c4 d5 4. e3 Bf5 5. Bb2 Nf6 6. Nf3 e6 7. Nc3 Nbd7 8. Nh4
Bg4 9. f3 Bh5 10. g4 Nxg4 11. Ng2 Nge5 12. Be2 Bxf3 13. Bxf3 Nd3+ 14. Ke2 Nxb2
15. Qc2 Nxc4 16. Raf1 Nf6 17. bxc6 bxc6 18. d3 Ne5 19. Na4 Bd6 20. d4 Nc4 21.
h4 Rb8 22. Rhg1 Qc8 23. Ne1 g6 24. Nd3 Ke7 25. Rb1 Qa6 26. Rxb8 Rxb8 27. Rc1 e5
28. Kf2 e4 29. Ndc5 Bxc5 30. Nxc5 Rb2 31. Qxb2 Nxb2 32. Nxa6 Nd3+ 33. Kg3 Nxc1
34. Bd1 Nxa2 35. Ba4 Kd6 36. Nc5 Nc3 37. Bb3 Nd7 38. Nb7+ Kc7 39. Nxa5 Kb6 40.
Nc4+ dxc4 41. Bxc4 f5 42. h5 Nd5 43. hxg6 hxg6 44. Kf2 g5 45. Be2 N7f6 46. Bc4
Ka5 47. Ke2 Kb4 48. Ba6 Ng4 49. Bb7 Kb5 50. Bc8 Ngxe3 51. Be6 Nf4+ 0-1

[Event "Hurtigskak-DM under 1900 2016"]
[Site "Fredericia"]
[Date "2016.09.25"]
[Round "5"]
[White "Marthedal, Anton Mehmet Yildiz"]
[Black "Riis, Peter"]
[Result "0-1"]
[WhiteElo "1853"]
[BlackElo "1867"]
[PlyCount "94"]
[EventDate "2016.??.??"]

1. d4 Nf6 2. Nf3 g6 3. Bg5 Bg7 4. Nbd2 O-O 5. e4 c5 6. c3 cxd4 7. cxd4 Qa5 8.
Bd3 Nc6 9. O-O Nxd4 10. Nxd4 Qxg5 11. f4 Qc5 12. N2b3 Qb6 13. Kh1 d6 14. Rc1
Ng4 15. Nf3 Nf2+ 16. Rxf2 Qxf2 17. Rc7 Bf6 18. e5 dxe5 19. fxe5 Bg7 20. Rxe7
Bg4 21. Nbd4 Qxb2 22. h3 Qxd4 23. hxg4 Qb4 24. Rc7 Rac8 25. Rxc8 Rxc8 26. e6
fxe6 27. Qe2 Qxg4 28. Qf1 Qf4 29. g3 Qc1 30. Ne1 Bc3 31. Bc4 Rxc4 32. Qxc4
Qxe1+ 33. Kh2 Qf2+ 34. Kh1 Qf3+ 35. Kh2 Qh5+ 36. Kg1 Qe5 37. Kh2 b5 38. Qc8+
Kg7 39. a4 bxa4 40. Kh1 Bd4 41. Qe8 Qd5+ 42. Kh2 Qh5+ 43. Kg2 Qe2+ 44. Kh1 Qf1+
45. Kh2 Bg1+ 46. Kh1 Bf2+ 47. Kh2 Qg1+ 0-1

[Event "Hurtigskak-DM under 1900 2016"]
[Site "Fredericia"]
[Date "2016.09.25"]
[Round "5"]
[White "Kull, Michael Wilhelm"]
[Black "Wang, Peter"]
[Result "1-0"]
[WhiteElo "1788"]
[BlackElo "1756"]
[PlyCount "73"]
[EventDate "2016.??.??"]

1. d4 Nf6 2. c4 e6 3. Nc3 Bb4 4. e3 O-O 5. Bd3 d5 6. Nge2 Nbd7 7. a3 Be7 8. O-O
b6 9. cxd5 exd5 10. Ng3 Bb7 11. b4 c5 12. bxc5 bxc5 13. Nf5 Re8 14. Rb1 Bc6 15.
a4 c4 16. Be2 Bf8 17. Bf3 g6 18. Ng3 Qa5 19. Bd2 Qa6 20. Re1 Rab8 21. Qc2 Bg7
22. h4 h5 23. Nge2 Qc8 24. Nf4 Ne4 25. Nxe4 dxe4 26. Be2 Qa6 27. Bxc4 Qxa4 28.
Qxa4 Bxa4 29. Nxg6 Bc2 30. Rxb8 Rxb8 31. Nf4 Nf6 32. Rc1 Bb3 33. Rb1 Bxc4 34.
Rxb8+ Kh7 35. Rc8 Bb5 36. Rc5 a6 37. Nxh5 1-0

[Event "Hurtigskak-DM under 1900 2016"]
[Site "Fredericia"]
[Date "2016.09.25"]
[Round "5"]
[White "Dreiberg, Kaspar Jon"]
[Black "Westenborg, Allan"]
[Result "1/2-1/2"]
[WhiteElo "1788"]
[BlackElo "1738"]
[PlyCount "148"]
[EventDate "2016.??.??"]

1. f4 d5 2. Nf3 Nf6 3. g3 c6 4. Bg2 Bg4 5. Bf1 Bc8 6. Bg2 Bg4 7. c3 Bxf3 8.
Bxf3 e6 9. d3 Bc5 10. Qc2 Nbd7 11. e4 dxe4 12. dxe4 Qc7 13. b4 Be7 14. Nd2 a5
15. Rb1 axb4 16. cxb4 Qb6 17. Qb3 O-O 18. Nc4 Qc7 19. Be3 b5 20. Nd2 Ra4 21. a3
Rfa8 22. Bd4 Rxa3 23. Qc2 e5 24. Bb2 Re3+ 25. Kf2 exf4 26. Nf1 Qb6 27. Nxe3
Qxe3+ 28. Kg2 Ra2 29. Ra1 Ne5 30. Rhf1 Rxa1 31. Bxa1 Nc4 32. Qc3 Qxc3 33. Bxc3
Ne3+ 34. Kf2 Nxf1 35. Kxf1 fxg3 36. hxg3 Kf8 37. Ke2 Nd7 38. Kd3 f6 39. Kd4 Ne5
40. Be2 Kf7 41. Ke3 g6 42. Bd1 Ke6 43. Bb3+ Kd6 44. Bd4 h6 45. Bg8 Kd7 46. Bc3
Bd6 47. Bb3 Ke7 48. Kd4 Nf3+ 49. Ke3 Ng5 50. Be1 Be5 51. Bc2 Ne6 52. Kd3 Nd4
53. Bd1 f5 54. Bf2 Ne6 55. exf5 gxf5 56. Bc2 Kf6 57. Bd1 Bd6 58. Bf3 c5 59.
bxc5 Nxc5+ 60. Kd4 Be7 61. Kd5 Nd3 62. Bd4+ Kg6 63. Be2 Nb4+ 64. Ke6 Bg5 65.
Bxb5 f4 66. Be8+ Kh7 67. g4 Nd3 68. Bc6 Ne1 69. Bf2 h5 70. gxh5 Kh6 71. Bxe1
Kxh5 72. Kf5 Bd8 73. Bf3+ Kh6 74. Kxf4 Kg6 1/2-1/2

[Event "Hurtigskak-DM under 1900 2016"]
[Site "Fredericia"]
[Date "2016.09.25"]
[Round "6"]
[White "Poulsen, Peter Risgaard"]
[Black "Riis, Peter"]
[Result "0-1"]
[WhiteElo "1886"]
[BlackElo "1867"]
[PlyCount "96"]
[EventDate "2016.??.??"]

1. d4 Nf6 2. Bf4 g6 3. Nc3 Bg7 4. Qd2 O-O 5. e4 c5 6. e5 cxd4 7. Nb5 Nd5 8.
Nxd4 Nxf4 9. Qxf4 Qa5+ 10. c3 Qxe5+ 11. Qxe5 Bxe5 12. Ngf3 Bf6 13. Bc4 Nc6 14.
O-O-O Nxd4 15. Nxd4 d6 16. Rhe1 a6 17. f4 Re8 18. h3 h5 19. Nb3 Bd7 20. Na5 b6
21. Nb3 Bc6 22. g3 Kg7 23. Nd4 Bxd4 24. Rxd4 Bg2 25. h4 b5 26. Bd5 Bxd5 27.
Rxd5 Rac8 28. Kd2 Kf6 29. a4 Rc5 30. Rd4 Rb8 31. b4 Rc6 32. axb5 axb5 33. Ra1
Rb7 34. Ra5 e6 35. Kc2 d5 36. Kb3 Kf5 37. Ra1 Rbc7 38. Rd3 Ke4 39. Rd4+ Ke3 40.
Rc1 Rc4 41. Rdd1 d4 42. Re1+ Kf3 43. Rf1+ Kg4 44. Rfd1 Rxc3+ 45. Rxc3 Rxc3+ 46.
Kb2 Rc4 47. Kb3 Kxg3 48. Rd3+ Kxh4 0-1

[Event "Hurtigskak-DM under 1900 2016"]
[Site "Fredericia"]
[Date "2016.09.25"]
[Round "6"]
[White "Kull, Michael Wilhelm"]
[Black "Petersen, Jakob"]
[Result "1-0"]
[WhiteElo "1788"]
[BlackElo "1722"]
[PlyCount "51"]
[EventDate "2016.??.??"]

1. d4 b5 2. Nf3 Bb7 3. e3 a6 4. b3 e6 5. Bb2 Nf6 6. Nbd2 c5 7. c4 b4 8. Bd3 Qc7
9. Qe2 Nc6 10. O-O Bd6 11. dxc5 Bxc5 12. Rad1 h5 13. h3 O-O-O 14. Ne4 Be7 15.
c5 Nb8 16. Bxf6 gxf6 17. Rc1 Rdf8 18. Nd6+ Kd8 19. Nxb7+ Qxb7 20. Rfd1 Rfg8 21.
c6 Nxc6 22. Bxa6 Qa8 23. Qb5 Ke8 24. Bb7 Qxa2 25. Bxc6 dxc6 26. Qb8+ 1-0

[Event "Hurtigskak-DM under 1900 2016"]
[Site "Fredericia"]
[Date "2016.09.25"]
[Round "6"]
[White "Rosenberg, Jan"]
[Black "Nielsen, Aage Sondergaard"]
[Result "1-0"]
[WhiteElo "1832"]
[BlackElo "1785"]
[PlyCount "91"]
[EventDate "2016.??.??"]

1. d4 e6 2. Nf3 d5 3. Bf4 Bd6 4. Bg3 Nf6 5. Nbd2 c5 6. e3 Nc6 7. c3 c4 8. Qc2
b5 9. Ne5 Bb7 10. Be2 Qc7 11. f4 Nd7 12. O-O Ne7 13. Bg4 f5 14. Be2 Nf6 15. Bh4
Ng6 16. Bg5 Be7 17. Bf3 Ne4 18. Nxe4 Nxe5 19. Bh5+ Ng6 20. Bxe7 Qxe7 21. Nc5
O-O 22. Qf2 Bc6 23. Qg3 Qf6 24. Bxg6 hxg6 25. h3 Kf7 26. Qf2 Rh8 27. b3 Rh5 28.
bxc4 dxc4 29. a4 Qe7 30. axb5 Bxb5 31. Qa2 Bc6 32. Qxc4 Bd5 33. Qa6 Kf6 34. c4
Be4 35. Nxe4+ fxe4 36. Qc6 Rhh8 37. d5 Rhb8 38. dxe6 Qxe6 39. Qxe6+ Kxe6 40.
Ra6+ Rb6 41. Rfa1 Rxa6 42. Rxa6+ Kf7 43. g4 Kg8 44. Rxg6 a5 45. Rb6 g6 46.
Rxg6+ 1-0

[Event "Hurtigskak-DM under 1900 2016"]
[Site "Fredericia"]
[Date "2016.09.25"]
[Round "6"]
[White "Westenborg, Allan"]
[Black "Marthedal, Anton Mehmet Yildiz"]
[Result "0-1"]
[WhiteElo "1738"]
[BlackElo "1853"]
[PlyCount "80"]
[EventDate "2016.??.??"]

1. d4 d5 2. Nf3 Nf6 3. Bf4 c5 4. c3 Nc6 5. e3 Qb6 6. Qb3 c4 7. Qxb6 axb6 8.
Nbd2 b5 9. Be2 h6 10. h3 Bf5 11. O-O e6 12. a3 Be7 13. Ne5 O-O 14. g4 Bh7 15.
Nxc6 bxc6 16. Nf3 Nd7 17. Kg2 Ra7 18. g5 hxg5 19. Nxg5 Bf5 20. Nf3 f6 21. Rg1
Kf7 22. h4 Nb6 23. Rad1 Rh8 24. Rh1 Na4 25. Rd2 Be4 26. Rh2 c5 27. Kg3 b4 28.
cxb4 cxb4 29. Ne1 bxa3 30. bxa3 Bxa3 31. f3 Bh7 32. e4 Nc3 33. exd5 exd5 34. h5
Bc1 35. Bf1 Bxd2 36. Bxd2 Nb5 37. Be3 Ra1 38. Re2 Re8 39. Kf2 Nc3 40. Rb2 Nd1+
0-1

[Event "Hurtigskak-DM under 1900 2016"]
[Site "Fredericia"]
[Date "2016.09.25"]
[Round "7"]
[White "Riis, Peter"]
[Black "Kull, Michael Wilhelm"]
[Result "0-1"]
[WhiteElo "1867"]
[BlackElo "1788"]
[PlyCount "88"]
[EventDate "2016.??.??"]

1. e4 e5 2. Nf3 Nc6 3. d4 exd4 4. c3 Bc5 5. Bc4 Qe7 6. O-O d6 7. cxd4 Bb4 8.
Bg5 f6 9. Bh4 Bd7 10. Nc3 Bxc3 11. bxc3 g5 12. Nxg5 h5 13. Nf3 O-O-O 14. Qc2
Bg4 15. Nd2 Qg7 16. Rfb1 b6 17. a4 a5 18. Ba6+ Kb8 19. e5 Bc8 20. Bxc8 Kxc8 21.
Qf5+ Qd7 22. e6 Qe7 23. Qb5 Kb7 24. d5 Na7 25. Qxa5 Nh6 26. Qb4 Ra8 27. a5 b5
28. c4 Nf5 29. cxb5 Nxh4 30. a6+ Kc8 31. Qxh4 Qg7 32. Ra3 Rb8 33. Rab3 Rg8 34.
Qh3 Kd8 35. Nc4 Qg6 36. b6 cxb6 37. Nxd6 Nc8 38. Nb7+ Ke7 39. a7 Nxa7 40. d6+
Kf8 41. Rxb6 Nc8 42. R6b3 Nxd6 43. Qf3 Nxb7 44. Rxb7 Qxb1+ 0-1